ბათუმის შოთა რუსთაველის სახელმწიფო უნივერსიტეტის ბიბლიოთეკა

Влияние удобрении на качество винограда (ბიბ.ჩანაწერი № 46364)

000 -LEADER
fixed length control field 00626nam a2200217Ia 4500
001 - CONTROL NUMBER
control field 13200
003 - CONTROL NUMBER IDENTIFIER
control field GE_BSU
008 - FIXED-LENGTH DATA ELEMENTS--GENERAL INFORMATION
fixed length control field 181216s||||||||xx |||||||||||||| ||und||
040 ## - CATALOGING SOURCE
Transcribing agency GE_BSU
080 ## - UNIVERSAL DECIMAL CLASSIFICATION NUMBER
Universal Decimal Classification number 634.8
100 ## - MAIN ENTRY--PERSONAL NAME
Personal name Гаджиев,Д.М.
245 ## - TITLE STATEMENT
Title Влияние удобрении на качество винограда
245 ## - TITLE STATEMENT
Statement of responsibility, etc. Ред.Т.А.Ищенко
260 ## - PUBLICATION, DISTRIBUTION, ETC.
Place of publication, distribution, etc. Москва
260 ## - PUBLICATION, DISTRIBUTION, ETC.
Name of publisher, distributor, etc. Колос
260 ## - PUBLICATION, DISTRIBUTION, ETC.
Date of publication, distribution, etc. 1969
300 ## - PHYSICAL DESCRIPTION
Extent 192стр.20см.
300 ## - PHYSICAL DESCRIPTION
Dimensions Библиогр.с.187-192
653 ## - INDEX TERM--UNCONTROLLED
Uncontrolled term Влияние удобрении на качество винограда
942 ## - ADDED ENTRY ELEMENTS (KOHA)
Koha item type წიგნი
ეგზემპლარები
Withdrawn status Lost status Damaged status Not for loan Date acquired Barcode Date last seen Price effective from Koha item type
        2018-12-17 20902 2018-12-17 2018-12-17 წიგნი